000 00646nam a2200229 a 4500
001 BRCA_5591
005 20190320205137.0
008 210211s1931----u--a######---#000-0#eng-#
041 _aeng
044 _au
050 4 _aNK2121
_b.K57 1931
100 1 _aKirsch, C. W.
_914249
245 1 0 _aHow to drape your windows
_cby C. W. Kirsch ; art work by Fred Whincap.
260 _aSturgis, Michigan
_bKirsch
_cc1931
300 _a74 p.
_bil., 14 láminas
_c25 cm.
500 _aF68
650 1 4 _aCortinaje
_914250
650 1 4 _aDecoración y ornamentación
_93592
700 1 _aWhincap, Fred
_eIlustrador
_914251
902 _aGFM
942 _2lcc
_cB
999 _c5285
_d5285